Descripçâo do terreno quaternario das bacias dos rios Tejo e Sado = (Record no. 170952)

MARC details
000 -LEADER
campo de control de longitud fija 01076nam a22002055i 4500
001 - NÚMERO DE CONTROL
campo de control 170952
003 - IDENTIFICADOR DE NÚMERO DE CONTROL
campo de control ES-MaACL
005 - FECHA Y HORA DE LA ÚLTIMA TRANSACCIÓN
campo de control 20230906214515.0
008 - DATOS DE LONGITUD FIJA--INFORMACIÓN GENERAL
campo de control de longitud fija 090420s1866 po |||| | por d
100 1# - ENTRADA PRINCIPAL--NOMBRE DE PERSONA
Nombre de persona Ribeiro, Carlos.
9 (RLIN) 96751
245 10 - MENCIÓN DEL TÍTULO
Título Descripçâo do terreno quaternario das bacias dos rios Tejo e Sado =
Resto del título Description du terrain quaternaire de bassins du Tage du Sado /
Mención de responsabilidad, etc. por Carlos Ribeiro ; com a versaâo franceza = avec la version française / par M. Dalhunty.
246 3# - FORMA VARIANTE DEL TITULO
Título propio/Titulo breve Description du terrain quaternaire de bassins du Tage du Sado
260 ## - PUBLICACIÓN, DISTRIBUCIÓN, ETC.
Lugar de publicación, distribución, etc. Lisboa :
Nombre del editor, distribuidor, etc. [s.n.],
Fecha de publicación, distribución, etc. 1866 (
Fabricante Typ. da Academia Real das Sciencias)
300 ## - DESCRIPCIÓN FÍSICA
Extensión 164 p., [1] h. pleg. de mapa :
Otras características físicas il. ;
Dimensiones 32 cm.
500 ## - NOTA GENERAL
Nota general Precede al tít. en cub.: Commissâo Geologica de Portugal, Estudos Geologicos.
546 ## - NOTA DE IDIOMA
Nota de lengua/lenguaje Texto en paralelo en portugués y francés.
650 ## - PUNTO DE ACCESO ADICIONAL DE MATERIA--TÉRMINO DE MATERIA
Término de materia o nombre geográfico como elemento de entrada Geología-
Subdivisión geográfica Portugal.
9 (RLIN) 167306
700 1# - ENTRADA AGREGADA--NOMBRE PERSONAL
Nombre de persona Dalhunty. M.
9 (RLIN) 126690
852 ## - LOCALIZACIÓN
Ubicación ES-MaACL
Número de control de estantería B-8083(2)
Nota libre - Dedicatoria ms. del autor a Federico de Botella y Hornos
-- - Legado de Federico de Botella y Hornos
Holdings
Estatus retirado Estado de pérdida Estado de daño No para préstamo Colección Biblioteca de origen Biblioteca actual Ubicación en estantería Fecha de adquisición Fuente de adquisición Total de préstamos Signatura topográfica completa Código de barras Visto por última vez Precio de reemplazo Tipo de ítem Koha
        Libros del s. XIX Biblioteca del Ateneo de Madrid Biblioteca del Ateneo de Madrid Sala Pardo Bazán 20/04/2009     B-8083(2) 1179414 23/02/2023 23/02/2023 Libro impreso antiguo